01196cam a2200277 a 450000100060000000300080000600500170001400800390003103500360007004000270010604100080013308200280014124501220016926000340029130000350032550400200036065000570038065000640043765000600050165000660056165000580062771000630068594200120074899900170076095201410077732305BD-RjUL20211209051820.0140424s1954 enkar r 0 1 0eng a(OCoLC)14104606a(BD-RjUL)32394 aDLCcDLCdBD-RjULbeng aeng00aR 376.941219bGIR 195400aThe Girls' school yearbook :bpublic schools : the official book of reference of the Association of Head Mistresses / aLondon :bA & C Black,c1954. alxiv, 643 p. :bill. ;c22 cm. aIncludes index. 0aWomenxEducationzGreat BritainvDirectories.997367 0aEndowed public schools (Great Britain)vDirectories.995167 0aPreparatory schoolszGreat BritainvDirectories.997368 0aUniversities and collegeszGreat BritainvDirectories.929942 0aWomenxEmploymentzGreat BritainvDirectories.9973692 aThe Association of Head Mistresses. (Great Britain)997370 2ddccBK c32305d32305 00102ddc40718NFICaRUCLbRUCLcReadingd1955-06-13eBritish Councill0oR 376.941 GIR 1954r2014-04-24 00:00:00tC-1w2021-12-09yBK